[Event "NRW Class2 0708"]
[Site "Germany"]
[Date "2007.10.14"]
[Round "2.6"]
[White "Mertens, Heiko"]
[Black "Elmali, Naufel"]
[Result "1/2-1/2"]
[WhiteElo "2293"]
[BlackElo "2114"]
[PlyCount "58"]
[EventDate "2007.09.16"]
[EventType "team"]
[EventRounds "9"]
[EventCountry "GER"]
[SourceTitle "EXT 2009"]
[Source "ChessBase"]
[SourceDate "2008.11.26"]
[SourceVersion "1"]
[SourceVersionDate "2008.11.26"]
[SourceQuality "1"]
[WhiteTeam "Godesberg II"]
[BlackTeam "Solingen III"]
[WhiteTeamCountry "GER"]
[BlackTeamCountry "GER"]

1. e4 e6 2. d3 d5 3. Nd2 Nf6 4. Ngf3 b6 5. c3 c5 6. e5 Nfd7 7. d4 Be7 8. Bd3 Ba6 9. Bxa6 Nxa6 10. 0-0 b5 11. dxc5 Naxc5 12. Nb3 Qc7 13. Nxc5 Nxc5 14. Re1 0-0 15. Nd4 a6 16. Qg4 Kh8 17. Re3 f6 18. Nxe6 Nxe6 19. Qxe6 fxe5 20. Qxe5 Bd6 21. Qh5 Bc5 22. Re2 Rxf2 23. Rxf2 Rf8 24. Kh1 Rxf2 25. Be3 g6 26. Qg5 Rf5 27. Qh6 Bxe3 28. Qxe3 Qe5 29. Qd2 Qf6 1/2-1/2

[Event "NRW Class1 0607"]
[Site "Germany"]
[Date "2006.12.17"]
[Round "4.7"]
[White "Elmali, Naufel"]
[Black "Bernhard, Klaus"]
[Result "0-1"]
[WhiteElo "2089"]
[BlackElo "1909"]
[PlyCount "56"]
[EventDate "2006.09.17"]
[EventType "team-tourn"]
[EventRounds "9"]
[EventCountry "GER"]
[SourceTitle "EXT 2008"]
[Source "ChessBase"]
[SourceDate "2007.11.25"]
[SourceVersion "1"]
[SourceVersionDate "2007.11.25"]
[SourceQuality "1"]
[WhiteTeam "Solingen III"]
[BlackTeam "Krefeld"]
[WhiteTeamCountry "GER"]
[BlackTeamCountry "GER"]

1. e4 d6 2. d4 Nf6 3. Nc3 g6 4. Nf3 Bg7 5. Be2 0-0 6. h3 c6 7. a4 Nbd7 8. 0-0 Qc7 9. Be3 b6 10. Qd2 Bb7 11. d5 Nc5 12. Ng5 Rac8 13. b4 Ncxe4 14. Ngxe4 Nxe4 15. Nxe4 cxd5 16. Ng3 Bxa1 17. Rxa1 Qxc2 18. Bd3 Qxd2 19. Bxd2 e5 20. a5 f5 21. axb6 axb6 22. Ra7 Rf7 23. Bb1 Ra8 24. Rxa8+ Bxa8 25. Ne2 Ra7 26. Bd3 Ra1+ 27. Bc1 e4 28. Bb5 d4 0-1

[Event "NRW Class1 0506"]
[Site "Germany"]
[Date "2005.10.09"]
[Round "2.7"]
[White "Elmali, Naufel"]
[Black "Sokalskaja, Elena"]
[Result "1-0"]
[WhiteElo "2052"]
[BlackElo "2230"]
[PlyCount "71"]
[EventDate "2005.09.25"]
[EventType "team"]
[EventRounds "9"]
[EventCountry "GER"]
[SourceTitle "EXT 2006"]
[Source "ChessBase"]
[SourceDate "2005.11.24"]
[SourceVersion "1"]
[SourceVersionDate "2005.11.24"]
[SourceQuality "1"]
[WhiteTeam "Solingen III"]
[BlackTeam "Duesseldorf II"]
[WhiteTeamCountry "GER"]
[BlackTeamCountry "GER"]

1. e4 c6 2. d4 d5 3. Nc3 b5 4. a3 a6 5. Bf4 e6 6. Nf3 Nd7 7. Bd3 b4 8. axb4 Bxb4 9. 0-0 Ne7 10. Qe2 Bxc3 11. bxc3 dxe4 12. Bxe4 Nf6 13. Bd3 Ned5 14. Bd2 0-0 15. Ne5 c5 16. dxc5 Qc7 17. c6 a5 18. Ra4 Ne7 19. Bg5 Ng6 20. Nxg6 fxg6 21. Bb5 Nd5 22. Qd3 Qe5 23. Bd2 Nb6 24. Rd4 Qc7 25. Bg5 e5 26. Rd8 Bf5 27. Rxf8+ Rxf8 28. Qd2 h6 29. Be3 Rd8 30. Bxb6 Qxb6 31. Qe2 Qc5 32. c4 Kf7 33. Rd1 Rd6 34. Rd5 Rxd5 35. cxd5 Qxd5 36. Bc4 1-0

[Event "NRW-ch U18"]
[Site "Kranenburg"]
[Date "2005.04.02"]
[Round "7"]
[White "Hoffmann, Udo"]
[Black "Elmali, Naufel"]
[Result "1-0"]
[WhiteElo "2196"]
[BlackElo "1881"]
[PlyCount "41"]
[EventDate "2005.03.28"]
[EventType "swiss"]
[EventRounds "7"]
[EventCountry "GER"]
[SourceTitle "CBM 105 Extra"]
[Source "ChessBase"]
[SourceDate "2005.05.01"]
[SourceVersion "1"]
[SourceVersionDate "2005.05.01"]
[SourceQuality "1"]

1. e4 c5 2. Nf3 e6 3. b3 d5 4. exd5 exd5 5. Bb5+ Bd7 6. Bxd7+ Nxd7 7. 0-0 Ngf6 8. Re1+ Be7 9. Qe2 d4 10. c3 dxc3 11. dxc3 Rc8 12. Bb2 Rc6 13. Nbd2 Re6 14. Qb5 Rb6 15. Qe2 Re6 16. Qd3 Rxe1+ 17. Rxe1 0-0 18. Nf1 Nb6 19. Qe2 Re8 20. c4 Bd6 21. Bxf6 1-0

[Event "NRW-ch U18"]
[Site "Kranenburg"]
[Date "2005.03.30"]
[Round "4"]
[White "Trella, Thomas"]
[Black "Elmali, Naufel"]
[Result "1-0"]
[WhiteElo "2266"]
[BlackElo "1881"]
[PlyCount "31"]
[EventDate "2005.03.28"]
[EventType "swiss"]
[EventRounds "7"]
[EventCountry "GER"]
[SourceTitle "CBM 105 Extra"]
[Source "ChessBase"]
[SourceDate "2005.05.01"]
[SourceVersion "1"]
[SourceVersionDate "2005.05.01"]
[SourceQuality "1"]

1. e4 c5 2. Nc3 Nc6 3. Bb5 Nd4 4. Bc4 g6 5. Nf3 Bg7 6. Nxd4 cxd4 7. Qf3 e6 8. Nb5 a6 9. Qa3 Be5 10. d3 d5 11. f4 Bb8 12. exd5 exd5 13. Bb3 Qb6 14. Qa4 Qe6+ 15. Kf2 Qc6 16. Qxd4 1-0

[Event "NRW-ch U18"]
[Site "Kranenburg"]
[Date "2005.03.29"]
[Round "2"]
[White "Krug, Kevin"]
[Black "Elmali, Naufel"]
[Result "1/2-1/2"]
[WhiteElo "2086"]
[BlackElo "1881"]
[PlyCount "20"]
[EventDate "2005.03.28"]
[EventType "swiss"]
[EventRounds "7"]
[EventCountry "GER"]
[SourceTitle "CBM 105 Extra"]
[Source "ChessBase"]
[SourceDate "2005.05.01"]
[SourceVersion "1"]
[SourceVersionDate "2005.05.01"]
[SourceQuality "1"]

1. e4 c5 2. Nf3 e6 3. d4 cxd4 4. Nxd4 Nf6 5. Nc3 Nc6 6. a3 a6 7. Be3 d5 8. exd5 Nxd5 9. Nxd5 Qxd5 10. Be2 e5 1/2-1/2

[Event "Oberliga NRW 0304"]
[Site "Germany"]
[Date "2004.03.28"]
[Round "8.8"]
[White "Elmali, Naufel"]
[Black "Werner, Knud"]
[Result "0-1"]
[WhiteElo "1621"]
[BlackElo "2260"]
[PlyCount "76"]
[EventDate "2003.09.28"]
[EventType "team-tourn"]
[EventRounds "9"]
[EventCountry "GER"]
[SourceTitle "CBM 098 Extra"]
[Source "ChessBase"]
[SourceDate "2004.03.10"]
[SourceVersion "2"]
[SourceVersionDate "2004.03.10"]
[SourceQuality "1"]
[WhiteTeam "Elberfeld"]
[BlackTeam "Duisburg"]
[WhiteTeamCountry "GER"]
[BlackTeamCountry "GER"]

1. e4 g6 2. d4 Bg7 3. Nc3 d6 4. f4 c6 5. Nf3 d5 6. e5 h5 7. Bd3 Nh6 8. Ne2 Bg4 9. Ng5 e6 10. c3 Bf5 11. Ng3 Bxd3 12. Qxd3 h4 13. Nxe6 fxe6 14. Qxg6+ Kf8 15. Nh5 Nf5 16. b3 Rh6 17. Ba3+ Kg8 18. Nf6+ Kh8 19. Qf7 Bxf6 20. exf6 Nd7 21. Qxe6 Rxf6 22. Qe2 Qe8 23. Qxe8+ Rxe8+ 24. Kd2 Rfe6 25. Rhe1 Re4 26. Rxe4 Rxe4 27. Rf1 Nf6 28. Bc1 Ng4 29. h3 Ng3 30. Re1 Nf6 31. Rxe4 Nfxe4+ 32. Kd3 Kg7 33. c4 Kf6 34. Ba3 Kf5 35. Be7 Nh5 36. Ke3 Nxf4 37. Kf3 Ng6 38. Bd8 dxc4 0-1